000 00724nam a2200193 i 4500
001 114638
003 ES-MaACL
005 20251120142807.0
007 t|
008 070316s1930 sp ||||1| spa d
080 _a398.9(460)(082.2)
245 0 0 _a12600 refranes más no contenidos en la colección del maestro Gonzalo Correas ni en "Más de 21000 refranes castellanos" /
_callególos... Francisco Rodríguez Marín.
260 _aMadrid :
_b[s.n.],
_c1930 (
_fImp. de la Revista de Archivos)
300 _aVIII, 344 p. ;
_c26 cm.
650 4 _aRefranes y proverbios-
_zEspaña.
_916726
700 1 _aRodríguez Marín, Francisco,
_d1855-1943
_998634
852 _aES-MaACL
_jA-222
999 _c114638
_d114638